000 01471nam a2200385 c 4500
003 BLK
005 20250224180304.0
008 180410b bul|||||r ||||||| ||bul||
010 _aKNG00159491000
020 _a978-954-625-833-5
_bиздат.: Фют
040 _aBLK
041 _aBUL
_cBUL
072 7 _2bullib
_aН85
_xДетска художествена литература Н
080 _aАнглийска литература
_b821.111
_x-93-32
_z821.111-93-32
100 1 _aКортни, Люси
_eпърви автор
_9331942
700 _aМитренцева, Екатерина Христева
_9270859
700 1 _aАлдерсън, Фил
_eил.
_9380837
139 _aКортни, Люси
_bК 85
245 1 0 _aЛъвчето Брайън
_cЛюси Кортни; прев. Екатерина Христева Митренцева; ил. Фил Алдерсън.
257 _aGBR
260 София
_bФют
_c2013
300 _a95 с.
_bс ил.
_c20 см
380 _aDX
490 1 _aНе се предавай!
500 _aОриг. загл. Animal Antics. The Leaping Lion / Lucy Courtenay.
653 _aлитература за деца
653 _aдетска литература
659 _aН
852 _aЦб 268392
856 4 _qpdf
_u
856 4 _qpdf
_u
942 _cKNG
_n0
_010
944 _aCR
_c09.04.2014
_lГрета Цуфелде
_k30537
944 _aED
_c03.10.2014
_lф /
_k
999 _c152972
_d152972